000 00435nam a2200157Ia 4500
003 GCL
008 140319s9999 xx 000 0 eng d
040 _aGCL /
_cGCL
082 0 4 _a 622.15
_bH R
100 1 _aHOPFINGER, E.J
245 1 0 _aRotating Fluids in Geophysical and Industrial Applications /
_cHOPFINGER, E.J
260 _a[S.N] :
_bSPRINGER - VERLAG ،
_c1992
300 _a378 P?P
650 0 4 _aGEOPHYSICS
942 _2ddc
_cBK
999 _c16930
_d16930